000 00434nam a22001697a 4500
003 NUST - PNEC
005 20170116180836.0
008 150808b xxu||||| |||| 00| 0 eng d
020 _a629.13237
040 _cLIBRARY
082 _a629.13237 SCH
100 _94995
_a Schlichting, Hermann,
245 _a Boundary-layer theory
_c Hermann , Schlichting
260 _cc 2001
650 _94998
_aBoundary layer
_x-
942 _2ddc
_cBK
999 _c64226
_d64226